Les musées nationaux en France - Statistiques

Statistiques générales
  • Ce quiz a été pris 53 fois
  • Le résultat moyen est 7 sur 39
Statistiques - réponses
Ville Thème Nom % Correct
Paris Arts Musée du {Louvre}
100%
Paris Arts Musée d'{Orsay}
74%
Paris Peinture Musée de l'{orangerie}
58%
Paris Sculpture Musée {Rodin}
44%
Sèvres Céramique Musée de la {Céramique}
36%
Paris Peinture Musée {Picasso}
34%
Vallauris Peinture Musée {Picasso}
34%
Paris Musique Musée de la {Musique}
32%
Paris Arts Musée du {quai Branly}
30%
Fontainebleau Château Musée du {château de Fontainebleau}
20%
Paris Arts Musée national d'{art moderne}
20%
Saint-Germain-en-Laye Archéologie Musée d'{Archéologie nationale}
16%
Paris Arts asiatiques Musée des {arts asiatiques Guimet}
16%
Ecouen Histoire Musée de la {Renaissance}
14%
Compiègne Château Musée du {château de Compiègne}
12%
Paris Histoire Musée du {Moyen-âge}
12%
Versailles Château Musée des {châteaux de Versailles}
10%
Paris Architecture Musée des {Monuments français}
10%
Pau Château Musée du {château de Pau}
10%
Ajaccio Personnalités Musée de la {Maison Bonaparte}
8%
Limoges Porcelaine Musée de la {porcelaine Adrien Dubouché}
8%
Paris Art militaire Musée des {Plans reliefs}
8%
Paris Peinture Musée {Gustave Moreau}
8%
Nice Peinture Musée {Marc Chagall}
8%
Les Eyzies-de-Tayac-Sireuil Préhistoire Musée national de {Préhistoire}
8%
Magny-les-Hameaux Abbaye Musée de {Port-Royal des Champs}
6%
Rueil-Malmaison Châteaux Musée des châteaux de {Malmaison et de Bois Préau}
6%
Marseille Civilisations Musée des {Civilisations de l'Europe et de la Méditerranée
6%
Paris Personnalité Musée {Eugène Delacroix}
6%
Biot Peinture Musée {Fernand Léger}
6%
Paris Peinture Musée {Jean-Jacques Henner}
6%
Dijon Arts Musée {Magnin}
6%
Ile-d'Aix Personnalité Musée {napoléonien}
6%
Ile-d'Aix Chasse / Afrique Musée {africain}
4%
Paris Histoire Musée de l'{histoire de l'immigration}
4%
Blérancourt Histoire Musée {franco-américain du château de Blérancourt}
4%
Mouilleron-en-Pareds Personnalités Musée {Clémenceau et de Lattre de Tassigny}
0%
Paris Arts asiatiques Musée {d'Ennery}
0%
Paris Peinture Musée {Hébert}
0%
Aucun quiz correspondant
Distribution des résultats
% des personnes avec chaque résultat
Percentile par nombre de réponses
Votre historique - résultats
Vous n’avez pas pris ce quiz